[Event "BEL-ch qual"]
[Site "Belgium"]
[Date "1997.??.??"]
[Round "?"]
[White "Kiers, Pieter"]
[Black "Hass, Danny"]
[Result "0-1"]
[WhiteElo "1770"]
[BlackElo "1940"]
[PlyCount "42"]
[EventDate "1997.??.??"]
[EventType "swiss"]
[EventRounds "4"]
[EventCountry "BEL"]
[SourceTitle "EXT 2001"]
[Source "ChessBase"]
[SourceDate "2000.11.22"]
[SourceVersion "1"]
[SourceVersionDate "2000.11.22"]
[SourceQuality "1"]

1. d4 e6 2. c4 d5 3. Nc3 Nf6 4. Bg5 Be7 5. Nf3 Nbd7 6. e3 b6 7. cxd5 exd5 8. Bd3 h6 9. Bf4 c6 10. 0-0 0-0 11. Qb3 Bb7 12. Rac1 Nh5 13. Ne2 Nxf4 14. Nxf4 Bd6 15. Ne2 Re8 16. Bb1 Rc8 17. Qd3 Nf6 18. g4 Nxg4 19. Qh7+ Kf8 20. Bf5 Nf6 21. Qh8+ Ke7 0-1

[Event "Antwerp League-ch Series A"]
[Site "Antwerp"]
[Date "1993.12.??"]
[Round "4"]
[White "Hass, Danny"]
[Black "Janssens, Manu"]
[Result "1/2-1/2"]
[WhiteElo "1915"]
[BlackElo "1955"]
[PlyCount "48"]
[EventDate "1993.09.26"]
[EventType "tourn"]
[EventRounds "9"]
[EventCountry "BEL"]
[SourceTitle "EXT 2021"]
[Source "ChessBase"]
[SourceDate "2020.10.23"]
[SourceVersion "1"]
[SourceVersionDate "2020.10.23"]
[SourceQuality "1"]

1. c4 Nf6 2. Nc3 c5 3. g3 Nc6 4. Bg2 e6 5. d3 d5 6. Bg5 d4 7. Ne4 Be7 8. Bxf6 Bxf6 9. Nf3 0-0 10. Nxf6+ Qxf6 11. Qd2 e5 12. Ng5 Bd7 13. Be4 Bf5 14. Rf1 Bxe4 15. Nxe4 Qe7 16. Qg5 f6 17. Qh5 f5 18. Ng5 h6 19. h4 hxg5 20. hxg5 g6 21. Qxg6+ Qg7 22. Qe6+ Qf7 23. Qd6 Qg7 24. Qe6+ Qf7 1/2-1/2

[Event "Antwerp League-ch op"]
[Site "Brasschaat"]
[Date "1988.01.17"]
[Round "5"]
[White "Hass, Danny"]
[Black "De Ridder, Dirk"]
[Result "1-0"]
[WhiteElo "1813"]
[BlackElo "1744"]
[PlyCount "111"]
[EventDate "1987.10.25"]
[EventType "swiss"]
[EventRounds "9"]
[EventCountry "BEL"]
[SourceTitle "EXT 2021"]
[Source "ChessBase"]
[SourceDate "2020.10.23"]
[SourceVersion "1"]
[SourceVersionDate "2020.10.23"]
[SourceQuality "1"]

1. e4 e6 2. d4 d5 3. e5 c5 4. c3 Nc6 5. Nf3 Qb6 6. Be2 Nh6 7. Qb3 Qxb3 8. axb3 cxd4 9. Bxh6 gxh6 10. cxd4 Bd7 11. Nc3 Bb4 12. 0-0 a6 13. Na4 Na5 14. Nb6 Rb8 15. Nxd7 Kxd7 16. Ra4 Nc6 17. Rd1 a5 18. Bb5 Rbc8 19. Raa1 Ke7 20. h3 f5 21. exf6+ Kxf6 22. Rac1 Rhf8 23. Bxc6 Rxc6 24. Rxc6 bxc6 25. Ne5 Rc8 26. Rc1 Ke7 27. Rxc6 Rxc6 28. Nxc6+ Kd6 29. Nxb4 axb4 30. f4 Ke7 31. Kf2 Kf6 32. g4 Kg6 33. Kg3 Kf6 34. Kh4 Kg6 35. Kg3 Kf6 36. h4 Kg6 37. h5+ Kf6 38. Kh4 Kg7 39. g5 hxg5+ 40. fxg5 Kf7 41. Kg4 Kf8 42. Kf4 Ke7 43. Ke5 Kf7 44. g6+ hxg6 45. hxg6+ Kxg6 46. Kxe6 Kg7 47. Kxd5 Kf6 48. Kc5 Ke6 49. Kxb4 Kd5 50. Kc3 Kc6 51. Kc4 Kd6 52. d5 Kc7 53. Kc5 Kd7 54. d6 Kc8 55. Kc6 Kd8 56. d7 1-0

[Event "Antwerp League-ch op"]
[Site "Brasschaat"]
[Date "1987.12.13"]
[Round "4"]
[White "Demeulenaere, Marc"]
[Black "Hass, Danny"]
[Result "0-1"]
[WhiteElo "1467"]
[BlackElo "1813"]
[PlyCount "98"]
[EventDate "1987.10.25"]
[EventType "swiss"]
[EventRounds "9"]
[EventCountry "BEL"]
[SourceTitle "EXT 2021"]
[Source "ChessBase"]
[SourceDate "2020.10.23"]
[SourceVersion "1"]
[SourceVersionDate "2020.10.23"]
[SourceQuality "1"]

1. e4 e5 2. Nf3 Nc6 3. Bb5 a6 4. Bxc6 bxc6 5. d4 exd4 6. Nxd4 Bc5 7. Be3 Bb6 8. Nc3 Ne7 9. Bg5 f6 10. Be3 Bb7 11. Nb3 Bxe3 12. fxe3 0-0 13. Nc5 Bc8 14. Nd3 d6 15. Qd2 Rb8 16. h3 f5 17. 0-0-0 fxe4 18. Nxe4 Be6 19. Nc3 c5 20. Nf4 Bf7 21. e4 Re8 22. Qe2 Qc8 23. Rhf1 Qb7 24. b3 Qb4 25. Kd2 Nd5 26. Nfxd5 Bxd5 27. a3 Qd4+ 28. Qd3 Bxe4 29. Qxd4 cxd4 30. Nxe4 Rxe4 31. Kd3 Rbe8 32. Rd2 c5 33. Rf5 d5 34. c3 Re3+ 35. Kc2 Rxc3+ 36. Kb2 Rb8 37. b4 a5 38. Rxd5 axb4 39. a4 Ra8 40. Rf2 h6 41. Rf3 Rxa4 42. Rxc3 bxc3+ 43. Kb3 Rb4+ 44. Ka3 Rc4 45. Kb3 c2 46. Kxc4 c1Q+ 47. Kb5 Qc3 48. Rxc5 Qxc5+ 49. Kxc5 d3 0-1

[Event "Antwerp League-ch op"]
[Site "Brasschaat"]
[Date "1987.11.15"]
[Round "2"]
[White "Van Beers, Eddy"]
[Black "Hass, Danny"]
[Result "1/2-1/2"]
[WhiteElo "1644"]
[BlackElo "1813"]
[PlyCount "111"]
[EventDate "1987.10.25"]
[EventType "swiss"]
[EventRounds "9"]
[EventCountry "BEL"]
[SourceTitle "EXT 2021"]
[Source "ChessBase"]
[SourceDate "2020.10.23"]
[SourceVersion "1"]
[SourceVersionDate "2020.10.23"]
[SourceQuality "1"]

1. e4 c6 2. d4 d5 3. Nc3 dxe4 4. Nxe4 Bf5 5. f3 e6 6. Be3 Bxe4 7. fxe4 Qh4+ 8. Bf2 Qxe4+ 9. Qe2 Qxe2+ 10. Bxe2 Nf6 11. Bf3 Nd5 12. a3 Nd7 13. Ne2 Bd6 14. g3 N7f6 15. c4 Ne7 16. Nc3 h5 17. Ne4 Nxe4 18. Bxe4 Nf5 19. d5 Ne7 20. Rd1 cxd5 21. cxd5 e5 22. 0-0 f5 23. Bc2 a6 24. Be3 0-0 25. Bg5 e4 26. Bb3 Kh7 27. Rc1 Ng6 28. Bd1 f4 29. gxf4 Nxf4 30. Bxf4 Bxf4 31. Rc4 Bxh2+ 32. Kg2 Rxf1 33. Kxf1 Rd8 34. Bc2 g6 35. Bxe4 h4 36. a4 Rf8+ 37. Ke2 Bg3 38. d6 Bxd6 39. Bxb7 Bg3 40. b4 Rf6 41. Rc6 Rxc6 42. Bxc6 Bc7 43. Bb7 Bd6 44. Bxa6 Bxb4 45. Bc8 Kh6 46. Kf3 Kg5 47. Bh3 Kf6 48. Kg4 g5 49. Kf3 Ke5 50. Bc8 Kd5 51. Kg4 Bd2 52. a5 Kc6 53. a6 Kb6 54. Bb7 Kc7 55. Ba8 Be3 56. Bb7 1/2-1/2